| 000 | 00796nam a22002537a 4500 | ||
|---|---|---|---|
| 001 | 17804 | ||
| 003 | BD-RjUL | ||
| 005 | 20211209000209.0 | ||
| 008 | 140219s1979 ii ||||| |||| 001 0 eng d | ||
| 035 | _a(BD-RjUL)17862 | ||
| 040 |
_aBD-RjUL _beng _cBD-RjUL _dBD-RjUL |
||
| 041 | _aeng | ||
| 082 |
_a639.2 _bGET 1979 |
||
| 100 | 1 | 0 |
_aGerasimov ,G V _954932 |
| 245 | 1 | 0 |
_aTechnochemical control in the fish processing industry / _c By G V Gerasimov; M T Antonova. |
| 260 |
_aNew Delhi; _aBomby: _b Amerind Pub. Co. _c1979. |
||
| 300 |
_aviii, 285 p. : _b ill. _c24 cm. |
||
| 504 | _aIncludes Index. | ||
| 650 |
_a Fishery products. _954933 |
||
| 650 |
_a Fish handling. _954934 |
||
| 650 |
_aFishery processing industries _954935 |
||
| 700 |
_aAntonova, M T _954936 |
||
| 942 |
_2ddc _cBK |
||
| 999 |
_c17804 _d17804 |
||